NAME THESE TV-SHOW CHARACTERS!! #1 - Statistics

General Stats
  • This quiz has been taken 18 times
  • The average score is 9 of 16
Answer Stats
Picture Answer % Correct
Eleven
92%
Daryl Dixon
77%
Rachel Green
77%
Dwight Schrute
69%
Homelander
69%
Lucifer Morningstar
69%
The Mandalorian
69%
Eric Cartman
62%
Gustavo Fring
62%
Marshall Eriksen
46%
Sansa Stark
46%
Jack Shephard
38%
Summer Smith
38%
Amy Santiago
23%
Jonas Kahnwald
23%
Beth Harmon
15%
No matching quizzes found
Score Distribution
Percent of People with Each Score
Percentile by Number Answered
Your Score History
You have not taken this quiz